000
00211 a2200097 4500
001
3911
100
_a
Scroggie, M.G
245
_a
Foundation of wireless
260
_a
London
_b
Iliffe
_c
1958
090
_c
3141
_d
3141
942
_a
NUST-CAE
_c
M
_c
23792
999
_c
238984
_d
238984